00245nam a22000977a 4500008004100000082001900041245002900060260004000089300001200129440000600141230606b xxu||||| |||| 00| 0 eng d a340.05676bJOU aEast African Law Journal bEAC and University of Nairobic2004 aIV,163p v1